[Event "4NCL Division Three Knights"]
[Site "Telford, ENG"]
[Date "2024.05.04"]
[Round "9.33"]
[White "Nguyen, Anh"]
[Black "Faulks, Nick"]
[Result "1-0"]
[WhiteElo "2013"]
[BlackElo "1988"]
[PlyCount "53"]
[EventDate "2024.05.04"]
[WhiteTeam "Sussex Martlets 2"]
[BlackTeam "Surbiton"]

1. e4 c5 2. Nf3 e6 3. d4 cxd4 4. Nxd4 a6 5. Bd3 Nf6 6. Nc3 d6 7. Qe2 Qc7 8. O-O
Be7 9. f4 Nbd7 10. Be3 b5 11. g4 h5 12. g5 Ng4 13. g6 Nxe3 14. gxf7+ Kxf7 15.
Qxe3 Bf6 16. e5 dxe5 17. Rae1 Kg8 18. Nxe6 Qb6 19. fxe5 Qxe6 20. exf6 Qg4+ 21.
Kh1 Bb7+ 22. Be4 Bxe4+ 23. Nxe4 Qe6 24. f7+ Kf8 25. Qa3+ Qe7 26. Nf6 Qxa3 27.
Nxd7# 1-0

[Event "4NCL Division Three Knights"]
[Site "Telford, ENG"]
[Date "2024.05.04"]
[Round "9.34"]
[White "Morrison, Joseph"]
[Black "Graham, William M"]
[Result "1/2-1/2"]
[WhiteElo "1908"]
[BlackElo "1949"]
[PlyCount "74"]
[EventDate "2024.05.04"]
[WhiteTeam "Surbiton"]
[BlackTeam "Sussex Martlets 2"]

1. c4 Nf6 2. Nc3 g6 3. g3 Bg7 4. Bg2 O-O 5. d4 d6 6. Nf3 Nc6 7. O-O Bg4 8. d5
Bxf3 9. exf3 Ne5 10. Qe2 Re8 11. f4 Ned7 12. Be3 b6 13. Rac1 a6 14. Rfd1 Rb8
15. b4 e5 16. dxe6 Rxe6 17. Bh3 Ne4 18. Nxe4 Rxe4 19. Bg2 Re7 20. c5 dxc5 21.
bxc5 Qc8 22. Bh3 f5 23. Qc4+ Kh8 24. Bg2 b5 25. Qd3 Nf6 26. h3 a5 27. Rb1 b4
28. Qc4 Qe6 29. Qxe6 Rxe6 30. Bd4 a4 31. Be5 b3 32. axb3 axb3 33. Rd3 b2 34.
Rxb2 Rxb2 35. Bxb2 h6 36. Be5 Ne8 37. Bxg7+ Kxg7 1/2-1/2

[Event "4NCL Division Three Knights"]
[Site "Telford, ENG"]
[Date "2024.05.04"]
[Round "9.35"]
[White "Honarvarmahalati, Hooman"]
[Black "Alcock, Graham P"]
[Result "1-0"]
[WhiteElo "1853"]
[BlackElo "1773"]
[PlyCount "101"]
[EventDate "2024.05.04"]
[WhiteTeam "Sussex Martlets 2"]
[BlackTeam "Surbiton"]

1. Nf3 Nf6 2. b3 g6 3. Bb2 Bg7 4. c4 c5 5. e3 O-O 6. Be2 Nc6 7. O-O b6 8. d4
cxd4 9. exd4 d5 10. Ne5 Bb7 11. Nd2 e6 12. Nxc6 Bxc6 13. c5 Nd7 14. Qc2 bxc5
15. dxc5 Qa5 16. Bxg7 Kxg7 17. Qb2+ Kg8 18. b4 Rab8 19. Rab1 Qc7 20. Qc3 a6 21.
Bxa6 Ra8 22. b5 Nb8 23. b6 Qd7 24. Bd3 Rxa2 25. Ra1 Rxa1 26. Rxa1 Bb7 27. Ra7
Qc6 28. Qb4 Rc8 29. Bb5 Qxc5 30. Qxc5 Rxc5 31. Rxb7 Rxb5 32. Rxb8+ Kg7 33. f4
Kf6 34. Nf3 Rb4 35. b7 Rb6 36. Ne5 Rb2 37. Nd3 Rb5 38. Nc5 Rxc5 39. Rc8 Rb5 40.
b8=Q Rxb8 41. Rxb8 Kf5 42. Rb4 h6 43. Kf2 g5 44. Kf3 gxf4 45. Rxf4+ Kg6 46. Rh4
e5 47. g4 f6 48. Rh5 d4 49. Ke4 Kh7 50. Kf5 Kg7 51. Rh3 1-0

[Event "4NCL Division Three Knights"]
[Site "Telford, ENG"]
[Date "2024.05.04"]
[Round "9.36"]
[White "Boughen, Andrew"]
[Black "Chapman, Luke"]
[Result "0-1"]
[WhiteElo "1823"]
[BlackElo "1691"]
[PlyCount "86"]
[EventDate "2024.05.04"]
[WhiteTeam "Surbiton"]
[BlackTeam "Sussex Martlets 2"]

1. d4 f5 2. Nf3 Nf6 3. g3 g6 4. Bg2 Bg7 5. O-O O-O 6. c4 d6 7. Nc3 Nc6 8. Re1
e5 9. d5 Ne7 10. e4 h6 11. Be3 g5 12. exf5 Bxf5 13. Nd2 Qd7 14. Nce4 Nxe4 15.
Nxe4 Bh3 16. Bh1 Nf5 17. Bxg5 hxg5 18. Nxg5 Nd4 19. Qh5 Bf5 20. g4 Bc2 21. Rac1
Rf6 22. Ne6 Bg6 23. Qh3 Nxe6 24. dxe6 Qe7 25. Bxb7 Rb8 26. Qg2 c5 27. Bd5 Rxb2
28. a3 Bh6 29. g5 Rfxf2 30. Qxf2 Rxf2 31. Kxf2 Bxg5 32. Rb1 Bh4+ 33. Ke2 Bxe1
34. Rb8+ Be8 35. Bc6 Qh4 36. Rxe8+ Kg7 37. Bd7 e4 38. Ke3 Bf2+ 39. Ke2 e3 40.
Rb8 Qxc4+ 41. Kf3 Qd5+ 42. Kg4 e2 43. e7 Qe4+ 0-1

[Event "4NCL Division Three Knights"]
[Site "Telford, ENG"]
[Date "2024.05.04"]
[Round "9.41"]
[White "Lambourne, Dan M"]
[Black "Stubbs, Oliver"]
[Result "0-1"]
[WhiteElo "2093"]
[BlackElo "2234"]
[PlyCount "80"]
[EventDate "2024.05.04"]
[WhiteTeam "MK Phoenix"]
[BlackTeam "Poole Patzers"]

1. c4 Nf6 2. g3 g6 3. Bg2 Bg7 4. Nc3 O-O 5. Nf3 d5 6. cxd5 Nxd5 7. O-O Nc6 8.
a3 a5 9. Qc2 Bg4 10. Qb3 Nb6 11. e3 a4 12. Qc2 e5 13. h3 Bf5 14. Ne4 Na5 15. g4
Nb3 16. Rb1 Be6 17. d3 Qe7 18. Bd2 Nxd2 19. Nfxd2 Bd5 20. Nc4 Nxc4 21. dxc4 Bc6
22. Ng3 Bxg2 23. Kxg2 Qc5 24. Qe4 c6 25. Rfd1 Rad8 26. Rd3 f5 27. gxf5 gxf5 28.
Nxf5 Rxd3 29. Nxg7 Rd6 30. Nh5 Rg6+ 31. Kf1 Rg5 32. Ke2 b5 33. Rc1 Kh8 34. Ng3
Rb8 35. h4 Rgg8 36. Qd3 bxc4 37. Qc3 Rb3 38. Qxc4 Rxb2+ 39. Kf1 Qf8 40. Ne4 Qf3
0-1

[Event "4NCL Division Three Knights"]
[Site "Telford, ENG"]
[Date "2024.05.04"]
[Round "9.42"]
[White "Garcia Hernandez, Oscar"]
[Black "Fraser-Mitchell, Jeremy N"]
[Result "1-0"]
[WhiteElo "2192"]
[BlackElo "2089"]
[PlyCount "69"]
[EventDate "2024.05.04"]
[WhiteTeam "Poole Patzers"]
[BlackTeam "MK Phoenix"]

1. e4 e6 2. d4 d5 3. Nd2 Nf6 4. e5 Nfd7 5. f4 c5 6. c3 Nc6 7. Ndf3 Qa5 8. Kf2
cxd4 9. cxd4 Qb6 10. g3 g5 11. Ne2 gxf4 12. Bxf4 Bg7 13. Kg2 Qxb2 14. Rb1 Qa3
15. Qd2 O-O 16. Bh6 f6 17. Bxg7 Kxg7 18. Nf4 Qe7 19. exf6+ Nxf6 20. Bd3 Kh8 21.
Rhe1 Rb8 22. Ng5 Nxd4 23. Bxh7 Qc5 24. Rec1 Qd6 25. Qxd4 e5 26. Ng6+ Kg7 27.
Qxe5 Qxe5 28. Nxe5 Nxh7 29. Rc7+ Kh6 30. Nxh7 Bf5 31. Nxf8 Be4+ 32. Kh3 Bxb1
33. Ng4+ Kg5 34. Rg7+ Kh5 35. Ne6 1-0

[Event "4NCL Division Three Knights"]
[Site "Telford, ENG"]
[Date "2024.05.04"]
[Round "9.43"]
[White "Elwin, Adrian G"]
[Black "Weatherlake, John P"]
[Result "1-0"]
[WhiteElo "2052"]
[BlackElo "2005"]
[PlyCount "63"]
[EventDate "2024.05.04"]
[WhiteTeam "MK Phoenix"]
[BlackTeam "Poole Patzers"]

1. d4 Nf6 2. c4 g6 3. Nc3 d5 4. Nf3 Bg7 5. Qb3 dxc4 6. Qxc4 O-O 7. e4 a6 8. Bf4
b5 9. Qxc7 Qxc7 10. Bxc7 Bb7 11. e5 Nd5 12. Nxd5 Bxd5 13. Be2 Nc6 14. O-O Rfc8
15. Bb6 Rab8 16. Bc5 Nxe5 17. Nxe5 Bxe5 18. b4 Bg7 19. a4 Rb7 20. f4 Rd8 21.
axb5 axb5 22. Rfd1 Bb3 23. Rd2 Ba4 24. Ra3 Rbd7 25. Rad3 e5 26. dxe5 Rxd3 27.
Rxd3 Rxd3 28. Bxd3 g5 29. g3 gxf4 30. gxf4 Bh6 31. f5 Bf4 32. e6 1-0

[Event "4NCL Division Three Knights"]
[Site "Telford, ENG"]
[Date "2024.05.04"]
[Round "9.44"]
[White "Smith, Richard"]
[Black "Habershon, Paul F"]
[Result "0-1"]
[WhiteElo "1942"]
[BlackElo "1974"]
[PlyCount "40"]
[EventDate "2024.05.04"]
[WhiteTeam "Poole Patzers"]
[BlackTeam "MK Phoenix"]

1. e4 Nf6 2. e5 Nd5 3. c4 Nb6 4. d4 d6 5. f4 dxe5 6. fxe5 g6 7. Nc3 Bg7 8. Be2
O-O 9. Nf3 Bg4 10. Be3 c5 11. Bf4 cxd4 12. Nb5 Nc6 13. b3 d3 14. Bxd3 Nxe5 15.
Nxe5 Bxd1 16. Rxd1 a6 17. Be4 Qxd1+ 18. Kxd1 axb5 19. c5 Rfd8+ 20. Ke2 Nd5 0-1

[Event "4NCL Division Three Knights"]
[Site "Telford, ENG"]
[Date "2024.05.04"]
[Round "9.45"]
[White "Freeman, Richard C P"]
[Black "Bowden, Madison B"]
[Result "1-0"]
[WhiteElo "1923"]
[BlackElo "1959"]
[PlyCount "41"]
[EventDate "2024.05.04"]
[WhiteTeam "MK Phoenix"]
[BlackTeam "Poole Patzers"]

1. e4 d6 2. Nc3 Nf6 3. f4 g6 4. Nf3 Bg7 5. Be2 O-O 6. O-O c6 7. Qe1 b5 8. d3
Nbd7 9. Qh4 e5 10. fxe5 dxe5 11. Bg5 Re8 12. Kh1 b4 13. Nd1 c5 14. Ne3 Bb7 15.
Ng4 Qb6 16. Nfxe5 Nxe5 17. Nxf6+ Bxf6 18. Rxf6 Re6 19. Raf1 Rae8 20. Qh6 Qc7
21. R1f4 1-0

[Event "4NCL Division Three Knights"]
[Site "Telford, ENG"]
[Date "2024.05.04"]
[Round "9.46"]
[White "O'neill, Martin"]
[Black "Williamson, Kevin J"]
[Result "0-1"]
[WhiteElo "1800"]
[BlackElo "1845"]
[PlyCount "78"]
[EventDate "2024.05.04"]
[WhiteTeam "Poole Patzers"]
[BlackTeam "MK Phoenix"]

1. c4 Nc6 2. d4 d5 3. e3 e5 4. cxd5 Qxd5 5. Nc3 Bb4 6. a3 Bxc3+ 7. bxc3 Nf6 8.
c4 Qd6 9. Bb2 exd4 10. exd4 O-O 11. Be2 Re8 12. Nf3 Bg4 13. O-O Rad8 14. d5
Bxf3 15. Bxf3 Ne5 16. Qb3 Qb6 17. Bd1 Nxc4 18. Bxf6 Qxf6 19. Ra2 Nd6 20. Bf3
Re7 21. Re2 Rde8 22. Rxe7 Rxe7 23. h3 Qd4 24. Rd1 Qb6 25. Qd3 Qa5 26. Kh2 Qc5
27. Rd2 Qc4 28. g3 Qxd3 29. Rxd3 Kf8 30. Rb3 b6 31. Kg2 Ke8 32. Rb4 f5 33. g4
g6 34. Bd1 a5 35. Rd4 Kf7 36. gxf5 Nxf5 37. Rd3 Kf6 38. f4 Re3 39. Rd2 Rxa3 0-1

[Event "4NCL Division Three Knights"]
[Site "Telford, ENG"]
[Date "2024.05.04"]
[Round "9.51"]
[White "Dunn, Maxim"]
[Black "Wilson, Ewan"]
[Result "1-0"]
[WhiteElo "2116"]
[BlackElo "2015"]
[PlyCount "42"]
[EventDate "2024.05.04"]
[WhiteTeam "Iceni 1"]
[BlackTeam "CSC/Kingston 2"]

1. d4 d5 2. c4 e6 3. Nf3 a6 4. g3 dxc4 5. Bg2 b5 6. O-O Bb7 7. a4 Nf6 8. b3
cxb3 9. axb5 axb5 10. Rxa8 Bxa8 11. Qxb3 b4 12. Bd2 Nbd7 13. Ne1 Bxg2 14. Kxg2
Qa8+ 15. f3 Be7 16. Qc4 O-O 17. Nd3 Rb8 18. e4 Nxe4 19. fxe4 Qxe4+ 20. Kg1 Bf6
21. Rf4 Bxd4+ 1-0

[Event "4NCL Division Three Knights"]
[Site "Telford, ENG"]
[Date "2024.05.04"]
[Round "9.52"]
[White "Hasson, Peter"]
[Black "Hughes, Roy"]
[Result "1/2-1/2"]
[WhiteElo "1965"]
[BlackElo "2043"]
[PlyCount "36"]
[EventDate "2024.05.04"]
[WhiteTeam "CSC/Kingston 2"]
[BlackTeam "Iceni 1"]

1. c4 c6 2. g3 d5 3. Nf3 Nf6 4. Bg2 dxc4 5. Qc2 Be6 6. Ng5 Bd5 7. e4 h6 8. exd5
hxg5 9. dxc6 Nxc6 10. Qxc4 Qd7 11. Nc3 Rc8 12. O-O Ng4 13. h3 Nge5 14. Qd5 Qxd5
15. Nxd5 Nd3 16. Be4 Nc5 17. Bg2 Nd3 18. Be4 Nc5 1/2-1/2

[Event "4NCL Division Three Knights"]
[Site "Telford, ENG"]
[Date "2024.05.04"]
[Round "9.53"]
[White "Welford-Ranson, Forbes"]
[Black "Amato, Giampiero"]
[Result "1-0"]
[WhiteElo "2116"]
[BlackElo "1964"]
[PlyCount "85"]
[EventDate "2024.05.04"]
[WhiteTeam "Iceni 1"]
[BlackTeam "CSC/Kingston 2"]

1. d4 Nf6 2. Nf3 g6 3. c4 Bg7 4. Nc3 O-O 5. e4 d6 6. h3 e5 7. d5 a5 8. Be3 Na6
9. g4 Nc5 10. Nd2 Nfd7 11. Rg1 c6 12. Qc2 cxd5 13. cxd5 Na6 14. a3 Ndc5 15.
O-O-O Bd7 16. Kb1 Qb8 17. Bb5 Rc8 18. Nc4 b6 19. Bxd7 Nxd7 20. Nb5 Bf8 21. Qe2
Nac5 22. Nd2 a4 23. h4 Ra5 24. h5 Qb7 25. hxg6 fxg6 26. Rc1 Qa6 27. Nc3 b5 28.
Na2 Qb7 29. Nb4 Raa8 30. g5 Na6 31. Nxa6 Qxa6 32. Qg4 Qb7 33. Qe6+ Kg7 34. f4
Re8 35. Qh3 Nc5 36. fxe5 Rxe5 37. Bd4 b4 38. Rxc5 bxa3 39. Qxa3 Qb6 40. Nc4 Qa7
41. Nxe5 dxe5 42. Bxe5+ Kg8 43. d6 1-0

[Event "4NCL Division Three Knights"]
[Site "Telford, ENG"]
[Date "2024.05.04"]
[Round "9.54"]
[White "Lawson, Maurice E"]
[Black "Gibbs, Dominic V"]
[Result "1/2-1/2"]
[WhiteElo "1978"]
[BlackElo "2030"]
[PlyCount "69"]
[EventDate "2024.05.04"]
[WhiteTeam "CSC/Kingston 2"]
[BlackTeam "Iceni 1"]

1. e4 Nf6 2. e5 Nd5 3. Nc3 Nxc3 4. dxc3 d6 5. Bf4 Nc6 6. exd6 exd6 7. Nf3 Bg4
8. Be2 Be7 9. Qd2 Qd7 10. h3 Bh5 11. O-O-O O-O-O 12. Bb5 Bxf3 13. gxf3 a6 14.
Ba4 Bf6 15. Bg5 Qf5 16. Bxf6 Qxf6 17. Bxc6 bxc6 18. Qe2 Kb7 19. Rd4 Rhe8 20.
Rb4+ Ka7 21. Qd3 Qg5+ 22. Kb1 Qd5 23. Rd4 Qh5 24. Re4 Rxe4 25. Qxe4 Kb7 26. Re1
Qxh3 27. Qg4 Ka7 28. Qd4+ Kb7 29. Qb4+ Ka7 30. Qd4+ c5 31. Qf4 Qd7 32. Qe4 Kb8
33. Qxh7 g6 34. b3 Re8 35. Qh1 1/2-1/2

[Event "4NCL Division Three Knights"]
[Site "Telford, ENG"]
[Date "2024.05.04"]
[Round "9.55"]
[White "Ortiz Sanchez, Luis"]
[Black "Vachtfeidl, Petr"]
[Result "1/2-1/2"]
[WhiteElo "2002"]
[BlackElo "1949"]
[PlyCount "69"]
[EventDate "2024.05.04"]
[WhiteTeam "Iceni 1"]
[BlackTeam "CSC/Kingston 2"]

1. c4 g6 2. g3 Bg7 3. Nc3 c5 4. Bg2 Nc6 5. Nf3 e6 6. O-O Nge7 7. a3 a5 8. Nb5
d5 9. cxd5 Nxd5 10. d4 cxd4 11. Nbxd4 Nxd4 12. Nxd4 Qb6 13. e4 Bxd4 14. exd5
O-O 15. Qe2 Bd7 16. Be3 Bxe3 17. Qxe3 Qxe3 18. fxe3 exd5 19. Bxd5 Ra6 20. Rac1
Be6 21. Bg2 Rb6 22. Rf2 Rd8 23. Be4 Rb3 24. Kg2 b6 25. Re1 Bd5 26. Bxd5 Rxd5
27. Rc2 Kg7 28. Ree2 Kf6 29. Rc7 Ke6 30. Kf2 h5 31. Rc8 Rf5+ 32. Ke1 Re5 33.
Kf2 Rf5+ 34. Ke1 Re5 35. Kf2 1/2-1/2

[Event "4NCL Division Three Knights"]
[Site "Telford, ENG"]
[Date "2024.05.04"]
[Round "9.56"]
[White "Evans, Harry G"]
[Black "Calvert, D Ian"]
[Result "0-1"]
[WhiteElo "1938"]
[BlackElo "2028"]
[PlyCount "82"]
[EventDate "2024.05.04"]
[WhiteTeam "CSC/Kingston 2"]
[BlackTeam "Iceni 1"]

1. d4 d5 2. Nf3 Nf6 3. e3 c6 4. Bd3 Bg4 5. c4 e6 6. h3 Bh5 7. O-O Nbd7 8. cxd5
exd5 9. Nbd2 Be7 10. Qa4 O-O 11. b4 a6 12. Qb3 Bg6 13. Bxg6 hxg6 14. a4 Bd6 15.
Ba3 Qe7 16. Rfc1 Rfc8 17. Ne1 Ne4 18. Ndf3 Nb6 19. Nd3 Nc4 20. Nc5 b5 21. Rd1
f5 22. Bc1 g5 23. Nd2 g4 24. Ndxe4 fxe4 25. hxg4 Qh4 26. Ra2 Qh2+ 27. Kf1 Qh1+
28. Ke2 Qxg2 29. Rf1 Qxg4+ 30. Ke1 Qf3 31. Qd1 Qxd1+ 32. Kxd1 Bxc5 33. dxc5 a5
34. axb5 cxb5 35. Bd2 Nxd2 36. Kxd2 axb4 37. Rxa8 Rxa8 38. Kc2 Ra3 39. Kb2 Rc3
40. Rc1 Rxc1 41. Kxc1 Kf7 0-1

[Event "4NCL Division Three Knights"]
[Site "Telford, ENG"]
[Date "2024.05.04"]
[Round "9.61"]
[White "Robson, Ian A"]
[Black "Kelmendi, Bajrush"]
[Result "1-0"]
[WhiteElo "2087"]
[BlackElo "2070"]
[PlyCount "91"]
[EventDate "2024.05.04"]
[WhiteTeam "Wotton Hall"]
[BlackTeam "Celtic Tigers 2"]

1. e4 g6 2. d4 Bg7 3. Nc3 b6 4. Be3 Bb7 5. Qd2 e6 6. O-O-O h6 7. h4 Ne7 8. g4
d5 9. e5 a6 10. h5 g5 11. f4 gxf4 12. Bxf4 c5 13. Nce2 cxd4 14. Nxd4 Nbc6 15.
Ngf3 Qc7 16. Qe3 O-O-O 17. Rd3 Kb8 18. Rc3 Rc8 19. Rh3 Qd7 20. Nxc6+ Rxc6 21.
Rxc6 Qxc6 22. Nd4 Qc5 23. Qf2 Nc6 24. Nxc6+ Bxc6 25. Be3 Qb4 26. Bxb6 Bxe5 27.
Rb3 Qe4 28. Bxa6 Qh1+ 29. Kd2 Ka8 30. Qxf7 Qh2+ 31. Be2 Qf4+ 32. Qxf4 Bxf4+ 33.
Be3 Bxe3+ 34. Kxe3 e5 35. Rb6 d4+ 36. Kd2 Bd5 37. Rb5 Bb7 38. Rxe5 Kb8 39. g5
hxg5 40. Rxg5 Kc7 41. Rg7+ Kb6 42. Rd7 Rg8 43. Rxd4 Rg2 44. Ke3 Rh2 45. Bf3 Rh3
46. Rb4+ 1-0

[Event "4NCL Division Three Knights"]
[Site "Telford, ENG"]
[Date "2024.05.04"]
[Round "9.62"]
[White "Serbanescu, Diana-Maria"]
[Black "Ashworth, Michael"]
[Result "1/2-1/2"]
[WhiteElo "2058"]
[BlackElo "1997"]
[PlyCount "126"]
[EventDate "2024.05.04"]
[WhiteTeam "Celtic Tigers 2"]
[BlackTeam "Wotton Hall"]

1. e4 g6 2. d4 Bg7 3. Nf3 d6 4. Bc4 a6 5. c3 e6 6. O-O b5 7. Bb3 Bb7 8. Re1 Nd7
9. Bg5 Ne7 10. a4 h6 11. Bd2 O-O 12. h4 Nf6 13. e5 Bxf3 14. Qxf3 dxe5 15. dxe5
Nd7 16. Bf4 Nc5 17. Bc2 Nd5 18. Bg3 h5 19. Nd2 bxa4 20. Ne4 Qe7 21. Nxc5 Qxc5
22. Rxa4 Rab8 23. Ra2 Nb4 24. cxb4 Qxc2 25. Qc3 Qxc3 26. bxc3 c5 27. bxc5 Rfc8
28. Rxa6 Rxc5 29. Re3 Rbc8 30. Ra3 Rd5 31. Ra7 Rdc5 32. Rf3 R8c7 33. Rxc7 Rxc7
34. Bf4 Rc5 35. Re3 Rc4 36. g3 Bf8 37. Rd3 Be7 38. Bh6 Kh7 39. Bd2 Kg8 40. Kf1
Kf8 41. Ke2 Re4+ 42. Re3 Ra4 43. Kd3 Bc5 44. Re2 Ke8 45. Kc2 Kd7 46. Kb3 Ra1
47. Be3 Be7 48. Rc2 Kc6 49. c4 Ra3+ 50. Kb2 Rd3 51. Rc3 Rd7 52. Rb3 Bd8 53. Kc2
Bc7 54. Rb5 Rd8 55. Kc3 Rb8 56. Rxb8 Bxe5+ 57. Bd4 Bxb8 58. f4 Bc7 59. Kd3 Ba5
60. Ke4 Be1 61. Kf3 Kd6 62. Be3 Kc6 63. Bd4 Kd6 1/2-1/2

[Event "4NCL Division Three Knights"]
[Site "Telford, ENG"]
[Date "2024.05.04"]
[Round "9.63"]
[White "Ashworth, Robert"]
[Black "Stevenson, James"]
[Result "1/2-1/2"]
[WhiteElo "1928"]
[BlackElo "1998"]
[PlyCount "75"]
[EventDate "2024.05.04"]
[WhiteTeam "Wotton Hall"]
[BlackTeam "Celtic Tigers 2"]

1. e4 e6 2. d4 d5 3. Nd2 a6 4. Ngf3 c5 5. c3 Nc6 6. exd5 exd5 7. dxc5 Bxc5 8.
Nb3 Ba7 9. Be2 Nge7 10. O-O O-O 11. Bf4 Re8 12. Qd2 Bf5 13. Rad1 Rc8 14. Rfe1
h6 15. Nbd4 Be4 16. Bd3 Bxd3 17. Qxd3 Nxd4 18. Nxd4 Qd7 19. Bg3 Bxd4 20. Qxd4
Nf5 21. Qg4 Rxe1+ 22. Rxe1 Rc4 23. Qd1 b5 24. Re2 Qc6 25. Re5 Nxg3 26. hxg3 d4
27. Re7 dxc3 28. Qd8+ Kh7 29. bxc3 Rxc3 30. Rxf7 Rc1+ 31. Kh2 Qg6 32. Qd5 Rc8
33. Rxg7+ Kxg7 34. Qd7+ Kf6 35. Qxc8 Qh5+ 36. Kg1 Qd1+ 37. Kh2 Qh5+ 38. Kg1
1/2-1/2

[Event "4NCL Division Three Knights"]
[Site "Telford, ENG"]
[Date "2024.05.04"]
[Round "9.64"]
[White "Lea, Daniel J"]
[Black "Norris, Zack"]
[Result "1-0"]
[WhiteElo "1983"]
[BlackElo "1827"]
[PlyCount "139"]
[EventDate "2024.05.04"]
[WhiteTeam "Celtic Tigers 2"]
[BlackTeam "Wotton Hall"]

1. d4 d5 2. c4 e6 3. Nc3 Nf6 4. cxd5 exd5 5. Bg5 c6 6. Qc2 Nbd7 7. e3 h6 8. Bh4
Bd6 9. Bd3 O-O 10. Nf3 Re8 11. O-O Nb6 12. Rab1 Bg4 13. Nd2 a5 14. a3 Nbd7 15.
Na4 Qc7 16. Bg3 Bxg3 17. hxg3 Reb8 18. Rfc1 b5 19. Nc5 a4 20. Nxd7 Bxd7 21. Nf3
Rb6 22. Ne5 Raa6 23. Qc5 Be8 24. Rc2 Ne4 25. Qxd5 cxd5 26. Rxc7 Nd6 27. Rc5 f6
28. Ng6 Ne4 29. Bxe4 dxe4 30. Ne7+ Kh7 31. Nd5 Rb8 32. Nc7 Rab6 33. Nxe8 Rxe8
34. b4 axb3 35. Rxb3 Reb8 36. g4 b4 37. Rxb4 Rxb4 38. axb4 Rxb4 39. Rc7 Rb2 40.
Re7 Kg6 41. Rxe4 Rb1+ 42. Kh2 Rd1 43. Re7 Rd2 44. Kg3 Kh7 45. Rd7 Kg6 46. d5
Kh7 47. Kf3 Kg6 48. e4 Rd3+ 49. Ke2 Ra3 50. Rc7 Ra2+ 51. Ke3 Ra3+ 52. Kd2 Ra4
53. Kd3 Ra1 54. f3 Rd1+ 55. Ke3 Re1+ 56. Kd4 Re2 57. g3 Rd2+ 58. Ke3 Rd1 59. f4
Rg1 60. Kf2 Rd1 61. f5+ Kh7 62. Rc8 Rd2+ 63. Ke3 Rg2 64. Kd4 Rxg3 65. d6 Rg1
66. Kd5 Ra1 67. d7 Ra5+ 68. Kd6 Ra4 69. d8=Q Rd4+ 70. Ke7 1-0

[Event "4NCL Division Three Knights"]
[Site "Telford, ENG"]
[Date "2024.05.04"]
[Round "9.65"]
[White "Maclannan, Richard"]
[Black "Skulte, Christopher"]
[Result "1/2-1/2"]
[WhiteElo "1846"]
[BlackElo "2016"]
[PlyCount "76"]
[EventDate "2024.05.04"]
[WhiteTeam "Wotton Hall"]
[BlackTeam "Celtic Tigers 2"]

1. e4 c5 2. Nf3 e6 3. d4 cxd4 4. c3 Nf6 5. e5 Nd5 6. cxd4 d6 7. Nc3 Nc6 8. Bd3
Nxc3 9. bxc3 dxe5 10. O-O exd4 11. cxd4 Be7 12. Qe2 O-O 13. Rd1 Bd7 14. Bd2 Bf6
15. Qe4 g6 16. Rac1 Bg7 17. g4 a5 18. a3 Bc8 19. Rc4 Qd5 20. Be3 Qxe4 21. Bxe4
e5 22. d5 f5 23. dxc6 fxe4 24. cxb7 Bxb7 25. Ng5 Rac8 26. Rdc1 Rfd8 27. Rc7
Rxc7 28. Rxc7 Bd5 29. Bb6 Rb8 30. Rc5 Bb3 31. Bxa5 Bd1 32. Nxe4 Bxg4 33. Kg2
Rb3 34. Rc3 Rb7 35. Rd3 h6 36. Bb4 Bf5 37. Rd8+ Kh7 38. Nd6 Rd7 1/2-1/2

[Event "4NCL Division Three Knights"]
[Site "Telford, ENG"]
[Date "2024.05.04"]
[Round "9.66"]
[White "Cranston, Adam"]
[Black "Bendall, Kevin N"]
[Result "1/2-1/2"]
[WhiteElo "1799"]
[BlackElo "1645"]
[PlyCount "56"]
[EventDate "2024.05.04"]
[WhiteTeam "Celtic Tigers 2"]
[BlackTeam "Wotton Hall"]

1. d4 f5 2. Bg5 d6 3. e3 Nf6 4. Nc3 e6 5. e4 fxe4 6. Nxe4 Be7 7. Bd3 Nxe4 8.
Bxe7 Qxe7 9. Bxe4 O-O 10. Nf3 d5 11. Bd3 Nc6 12. Qe2 Bd7 13. c3 Qf6 14. O-O a6
15. Ne5 Nxe5 16. Qxe5 Qxe5 17. dxe5 b5 18. f4 c5 19. g4 g6 20. h4 Be8 21. f5
gxf5 22. gxf5 exf5 23. Bxf5 Bg6 24. Bxg6 hxg6 25. Rad1 Rxf1+ 26. Kxf1 Rd8 27.
Ke2 a5 28. Rg1 Kh7 1/2-1/2

﻿

[Event "4NCL Division Four"]
[Site "Telford, ENG"]
[Date "2023.11.18"]
[Round "1.12"]
[White "Rubeck, Jonathan"]
[Black "Taylor, Robert P"]
[Result "1-0"]
[WhiteElo "1974"]
[BlackElo "1743"]
[PlyCount "67"]
[EventDate "2023.11.18"]
[WhiteTeam "Watford A"]
[BlackTeam "Ashfield 3"]

1. e4 c6 2. d4 d5 3. e5 Bf5 4. h4 e6 5. g4 Be4 6. f3 Bxc2 7. Qxc2 Nd7 8. Be3 c5
9. dxc5 Nxe5 10. Bb5+ Nc6 11. Ne2 Be7 12. Bf2 Nf6 13. Nd2 Rc8 14. Qa4 O-O 15.
Bxc6 bxc6 16. h5 Nd7 17. b4 Qc7 18. Bg3 Qb7 19. Nb3 Rb8 20. a3 Rbc8 21. O-O f5
22. Nbd4 fxg4 23. fxg4 Rxf1+ 24. Rxf1 Nf8 25. Nf3 h6 26. Ned4 Bf6 27. Be5 Qd7
28. Qc2 Qe7 29. Qd2 Nh7 30. Qf4 Bg5 31. Nxg5 Nxg5 32. Kg2 Ne4 33. Bd6 Nxd6 34.
cxd6 1-0

[Event "4NCL Division Four"]
[Site "Telford, ENG"]
[Date "2023.11.18"]
[Round "1.13"]
[White "Graham, Danny"]
[Black "Lancaster, Roger"]
[Result "0-1"]
[WhiteElo "1726"]
[BlackElo "1949"]
[PlyCount "60"]
[EventDate "2023.11.18"]
[WhiteTeam "Ashfield 3"]
[BlackTeam "Watford A"]

1. d4 e6 2. c4 Nf6 3. Nc3 Bb4 4. Qc2 c5 5. e3 O-O 6. a3 Bxc3+ 7. bxc3 d5 8. Nf3
Nc6 9. Bd3 Qc7 10. O-O b6 11. dxc5 dxc4 12. Bxc4 bxc5 13. Bb2 Na5 14. Be2 c4
15. a4 Bb7 16. Ba3 Be4 17. Qa2 Rfd8 18. Nd4 Nd5 19. Bb4 Bd3 20. Bxa5 Qxa5 21.
Nc6 Qc5 22. Nxd8 Nxc3 23. Nb7 Qc7 24. Qa3 Nxe2+ 25. Kh1 Qxb7 26. Rfe1 Qb3 27.
Qd6 Nc3 28. Ra3 Qb2 29. Raa1 Qxf2 30. Qc6 Be4 0-1

[Event "4NCL Division Four"]
[Site "Telford, ENG"]
[Date "2023.11.18"]
[Round "1.14"]
[White "Dairi, Ramsey"]
[Black "Hatton, David"]
[Result "0-1"]
[WhiteElo "1797"]
[BlackElo "1739"]
[PlyCount "74"]
[EventDate "2023.11.18"]
[WhiteTeam "Watford A"]
[BlackTeam "Ashfield 3"]

1. e4 e5 2. Nf3 Nc6 3. Bc4 Bc5 4. b4 Bxb4 5. c3 Ba5 6. Qb3 Qe7 7. Ba3 d6 8. d4
exd4 9. O-O Bb6 10. Bb5 Bd7 11. e5 Nxe5 12. Bxd7+ Qxd7 13. Re1 O-O-O 14. Nxd4
Re8 15. Nd2 Ne7 16. Nc4 Nxc4 17. Qxc4 Nc6 18. Rad1 Nxd4 19. cxd4 Rxe1+ 20. Rxe1
Re8 21. Rxe8+ Qxe8 22. Kf1 Qe6 23. Qxe6+ fxe6 24. Bb2 d5 25. Ke2 Kd7 26. f4 g6
27. Kd3 c5 28. dxc5 Bxc5 29. a4 a6 30. Kc2 Kc6 31. Kb3 Bg1 32. h3 Be3 33. Be5
Kc5 34. a5 Kb5 35. g4 Kxa5 36. Kc3 Kb5 37. Kd3 d4 0-1

[Event "4NCL Division Four"]
[Site "Telford, ENG"]
[Date "2023.11.18"]
[Round "1.15"]
[White "Thomson, James L"]
[Black "Dairi, Mahmoud"]
[Result "1-0"]
[WhiteElo "1684"]
[BlackElo "1291"]
[PlyCount "81"]
[EventDate "2023.11.18"]
[WhiteTeam "Ashfield 3"]
[BlackTeam "Watford A"]

1. d4 f5 2. c4 e6 3. Nf3 Nf6 4. g3 Be7 5. Bg2 O-O 6. O-O d6 7. Re1 Nbd7 8. b3
e5 9. Ng5 Nb8 10. dxe5 dxe5 11. Bb2 Ng4 12. Bd5+ Kh8 13. Nf7+ Rxf7 14. Bxf7 Qf8
15. Bd5 Bf6 16. Nc3 e4 17. h3 c6 18. hxg4 cxd5 19. Qxd5 Nc6 20. Qd2 Be6 21.
gxf5 Bxf5 22. Nd5 Bxb2 23. Qxb2 Qf7 24. Kg2 Kg8 25. Rad1 Rf8 26. Rf1 Qe6 27.
Nf4 Qc8 28. Rh1 Rf7 29. b4 g5 30. Nd5 Be6 31. Qd2 Rg7 32. a3 Qf8 33. Rh5 Qf5
34. Ne3 Qf6 35. Nd5 Qf7 36. Rxg5 Rxg5 37. Qxg5+ Qg6 38. Qxg6+ hxg6 39. Nf6+ Kf7
40. Nxe4 Bxc4 41. Nd6+ 1-0

[Event "4NCL Division Four"]
[Site "Telford, ENG"]
[Date "2023.11.18"]
[Round "1.16"]
[White "Dairi, Daniella"]
[Black "Fraser, Chris"]
[Result "0-1"]
[WhiteElo "790"]
[BlackElo "1552"]
[PlyCount "44"]
[EventDate "2023.11.18"]
[WhiteTeam "Watford A"]
[BlackTeam "Ashfield 3"]

1. e4 Nf6 2. Bd3 d5 3. f3 e5 4. b3 dxe4 5. fxe4 Nxe4 6. Bxe4 Qh4+ 7. g3 Qxe4+
8. Qe2 Qxh1 9. Qxe5+ Be6 10. Kf1 Qd5 11. Qxc7 Bd6 12. Qc3 Be5 13. d4 Bxd4 14.
Qc4 Bxa1 15. Qa4+ Nd7 16. c4 Qd1+ 17. Kg2 Qxc1 18. Na3 Qd2+ 19. Kf1 Qd3+ 20.
Ne2 Bg4 21. Kg1 Qxe2 22. c5 Bh3 0-1